00357pab a2200121 454500008004000000100002500040245011300065260000900178300001500187362000800202650001400210773001100224180718b2011 xxu||||| |||| 00| 0 eng d aJames, Harvey S. Jr. aIs the just man a happy man? An empirical study of the relationship between ethics and subjective well-being c2011 ap.193-212. aMay aHappiness aKyklos